[Event "VIE-ch U20 Girls"]
[Site "Ho Chi Minh City"]
[Date "2022.07.12"]
[Round "3"]
[White "Nghiem, Thao Tam"]
[Black "Phan, Thi My Huong"]
[Result "0-1"]
[WhiteElo "2058"]
[BlackElo "2069"]
[PlyCount "116"]
[EventDate "2022.07.11"]
[EventType "swiss"]
[EventRounds "9"]
[EventCountry "VIE"]
[SourceTitle "EXT 2023"]
[Source "ChessBase"]
[SourceDate "2022.10.05"]
[SourceVersion "1"]
[SourceVersionDate "2022.10.05"]
[SourceQuality "1"]

1. e4 g6 2. d4 Bg7 3. Nc3 d6 4. Be3 Nd7 5. Qd2 a6 6. a4 b6 7. f3 Bb7 8. Nge2 e6 9. h4 h5 10. Nf4 Bf6 11. g3 Ne7 12. Bc4 c5 13. dxc5 Ne5 14. Qe2 dxc5 15. Rd1 Qc8 16. Kf2 N7c6 17. Bd3 Nb4 18. Qd2 0-0 19. Qc1 Rd8 20. Be2 Rxd1 21. Rxd1 Nec6 22. Nd3 Nxd3+ 23. Bxd3 Nd4 24. Ne2 Qc6 25. Bxd4 cxd4 26. b3 Rd8 27. Qb2 Qc7 28. Rg1 Kh8 29. Qc1 Kh7 30. Qf4 Qxf4 31. Nxf4 Kg7 32. Bc4 Be7 33. Bxe6 fxe6 34. Nxe6+ Kf6 35. Nxd8 Bxd8 36. Rd1 Ke5 37. Re1 Bf6 38. f4+ Ke6 39. e5 Be7 40. Ke2 Be4 41. Kd1 Bf3+ 42. Kc1 Ba3+ 43. Kb1 Bb4 44. Rf1 Bg4 45. Kb2 Kd5 46. Rb1 Bc3+ 47. Ka3 a5 48. Rg1 Ke4 49. b4 axb4+ 50. Ka2 Ke3 51. Rf1 Kd2 52. Rf2+ Kc1 53. Rf1+ Kxc2 54. Rf2+ Bd2 55. Ka1 b3 56. Rxd2+ Kxd2 57. Kb2 Ke2 58. Kxb3 d3 0-1

[Event "VIE-ch U20 Girls"]
[Site "Hanoi"]
[Date "2022.06.13"]
[Round "3"]
[White "Le, Hong Minh Ngoc"]
[Black "Phan, Thi My Huong"]
[Result "1-0"]
[WhiteElo "2060"]
[BlackElo "2063"]
[PlyCount "69"]
[EventDate "2022.06.11"]
[EventType "swiss"]
[EventRounds "7"]
[EventCountry "VIE"]
[SourceTitle "EXT 2023"]
[Source "ChessBase"]
[SourceDate "2022.10.05"]
[SourceVersion "1"]
[SourceVersionDate "2022.10.05"]
[SourceQuality "1"]

1. e4 g6 2. d4 Bg7 3. Nc3 d6 4. Be3 a6 5. Qd2 b5 6. 0-0-0 Nd7 7. f3 Bb7 8. g4 b4 9. Nce2 a5 10. Ng3 h6 11. h4 e6 12. Bd3 Ne7 13. f4 c5 14. dxc5 dxc5 15. h5 a4 16. Bb5 Nc6 17. hxg6 Nd4 18. Bxd4 cxd4 19. Nh5 b3 20. Nxg7+ Kf8 21. Qxd4 e5 22. Qxd7 Qxd7 23. Rxd7 bxa2 24. Rxf7+ Kg8 25. Bc4 a1Q+ 26. Kd2 Rd8+ 27. Rd7+ Kf8 28. Ne6+ Ke8 29. Rxd8+ Ke7 30. g7 Rxd8+ 31. Nxd8 Qxb2 32. g8Q Qd4+ 33. Bd3 Bxe4 34. Rxh6 Bxd3 35. Nc6+ 1-0

[Event "Hanoi (Women) op 12"]
[Site "Hanoi"]
[Date "2022.??.??"]
[Round "8"]
[White "Huynh, Ngoc Anh Thu"]
[Black "Phan, Thi My Huong"]
[Result "1-0"]
[WhiteElo "1567"]
[BlackElo "1581"]
[PlyCount "54"]
[EventDate "2022.12.11"]
[EventType "swiss"]
[EventRounds "9"]
[EventCountry "VIE"]
[SourceTitle "CBM 211 Extra"]
[Source "ChessBase"]
[SourceDate "2023.01.31"]
[SourceVersion "1"]
[SourceVersionDate "2023.01.31"]
[SourceQuality "1"]

1. e4 g6 2. d4 Bg7 3. Nf3 d6 4. c4 Nf6 5. Nc3 0-0 6. Be2 c5 7. d5 Na6 8. Bd2 e6 9. 0-0 exd5 10. exd5 Nc7 11. h3 b5 12. Qc1 Re8 13. Bd3 bxc4 14. Bxc4 Bb7 15. Bg5 Qd7 16. Rd1 Rab8 17. Rb1 Ba6 18. b3 Nb5 19. Ne2 Ne4 20. Bh6 Bh8 21. Qf4 Bc8 22. Rbc1 Nbc3 23. Nxc3 Nxc3 24. Rd2 Re4 25. Qg3 Qe7 26. Rdc2 Nb5 27. Bd3 Bf5 1-0

[Event "Hanoi (Women) op 12"]
[Site "Hanoi"]
[Date "2022.??.??"]
[Round "2"]
[White "Luong, Phuong Hanh"]
[Black "Phan, Thi My Huong"]
[Result "1-0"]
[WhiteElo "2056"]
[BlackElo "1581"]
[PlyCount "61"]
[EventDate "2022.12.11"]
[EventType "swiss"]
[EventRounds "9"]
[EventCountry "VIE"]
[SourceTitle "CBM 211 Extra"]
[Source "ChessBase"]
[SourceDate "2023.01.31"]
[SourceVersion "1"]
[SourceVersionDate "2023.01.31"]
[SourceQuality "1"]

1. d4 g6 2. Nf3 Bg7 3. g3 d5 4. Bg2 Nf6 5. 0-0 0-0 6. c4 c6 7. Qb3 dxc4 8. Qxc4 Be6 9. Qb4 Qc7 10. Rd1 Nd5 11. Qe1 c5 12. Na3 Nb6 13. Bf4 Qc8 14. Rac1 Nc6 15. Rxc5 Bxa2 16. Ra1 Na4 17. Rxc6 Qxc6 18. Rxa2 Qe6 19. Ra1 Rac8 20. Nb5 Nxb2 21. Nc7 Qd7 22. Qb4 e5 23. Nxe5 Qxc7 24. Qxb2 Qc2 25. Qxc2 Rxc2 26. Bxb7 Rxe2 27. Rxa7 Rd8 28. Bd5 Bxe5 29. Bxf7+ Kf8 30. dxe5 Re1+ 31. Kg2 1-0

[Event "VIE-chT (Women)"]
[Site "Ho Chi Minh City"]
[Date "2019.09.29"]
[Round "5.21"]
[White "Phan, Thi My Huong"]
[Black "Tran, Phan Bao Khanh"]
[Result "1/2-1/2"]
[WhiteElo "1533"]
[BlackElo "1822"]
[PlyCount "129"]
[EventDate "2019.09.26"]
[EventType "swiss"]
[EventRounds "9"]
[EventCountry "VIE"]
[SourceTitle "EXT 2020"]
[Source "ChessBase"]
[SourceDate "2019.10.17"]
[SourceVersion "1"]
[SourceVersionDate "2019.10.17"]
[SourceQuality "1"]

1. e4 c5 2. Nc3 e6 3. g3 Nc6 4. Bg2 d6 5. Nge2 g6 6. 0-0 Bg7 7. d3 Nge7 8. Be3 Nd4 9. Qd2 0-0 10. Rac1 Nxe2+ 11. Qxe2 Rb8 12. f4 b5 13. e5 dxe5 14. Ne4 exf4 15. Bxf4 Rb6 16. Bg5 f5 17. Nxc5 Bxb2 18. Rb1 Bd4+ 19. Be3 Bxe3+ 20. Qxe3 Nd5 21. Qd2 b4 22. Qf2 Qd6 23. Rb3 e5 24. Rfb1 Nc3 25. Re1 Rb5 26. Rxc3 bxc3 27. Nb3 Bb7 28. Qxa7 Bxg2 29. Kxg2 Qd5+ 30. Kg1 Ra8 31. Qc7 Rxa2 32. Qxc3 Ra8 33. Qc7 Rxb3 34. cxb3 Ra2 35. Qc4 Qxc4 36. bxc4 Rd2 37. Rxe5 Rxd3 38. Re7 Rc3 39. Rc7 Rc2 40. c5 g5 41. c6 h5 42. h3 f4 43. gxf4 gxf4 44. Rc8+ Kf7 45. c7 Ke7 46. Rh8 Rxc7 47. Rxh5 Kf6 48. Ra5 Rc3 49. Kg2 Rg3+ 50. Kh2 Rg7 51. h4 Ke6 52. Ra2 Kf5 53. Rf2 Ke4 54. Rg2 Rh7 55. Rg4 Kf3 56. Kh3 Ke3 57. Kg2 f3+ 58. Kg3 f2 59. Kg2 Ra7 60. Rg8 Re7 61. Kf1 Rf7 62. h5 Kf3 63. h6 Ke3 64. h7 Rxh7 65. Re8+ 1/2-1/2

[Event "VIE-chT (Women)"]
[Site "Ho Chi Minh City"]
[Date "2019.09.27"]
[Round "3.24"]
[White "Phan, Thi My Huong"]
[Black "Phan, Dan Huyen"]
[Result "1-0"]
[WhiteElo "1533"]
[BlackElo "2043"]
[PlyCount "71"]
[EventDate "2019.09.26"]
[EventType "swiss"]
[EventRounds "9"]
[EventCountry "VIE"]
[SourceTitle "EXT 2020"]
[Source "ChessBase"]
[SourceDate "2019.10.17"]
[SourceVersion "1"]
[SourceVersionDate "2019.10.17"]
[SourceQuality "1"]

1. e4 g6 2. d4 Bg7 3. f4 d6 4. Nf3 Nf6 5. Nc3 0-0 6. Bd3 Bg4 7. h3 Bxf3 8. Qxf3 Nfd7 9. Be3 Nc6 10. Qf2 e6 11. 0-0-0 a6 12. f5 Nb4 13. Bc4 Nb6 14. Bb3 d5 15. g4 a5 16. a4 Nc4 17. Bxc4 dxc4 18. e5 f6 19. Qe2 Nd5 20. Nxd5 Qxd5 21. g5 fxg5 22. fxg6 Bh6 23. h4 Qe4 24. Qf2 c5 25. hxg5 cxd4 26. Bf4 c3 27. Qxd4 cxb2+ 28. Kb1 Qe2 29. Rxh6 Rac8 30. Rh2 Qf3 31. Qd7 Rc7 32. Qxc7 Qxd1+ 33. Kxb2 Rf7 34. Qc8+ Rf8 35. Qxe6+ Kh8 36. Rxh7# 1-0

[Event "VIE-chT (Women)"]
[Site "Ho Chi Minh City"]
[Date "2017.07.26"]
[Round "4.41"]
[White "Huynh, Ngoc Nhu Y"]
[Black "Phan, Thi My Huong"]
[Result "0-1"]
[WhiteElo "1889"]
[BlackElo "1922"]
[PlyCount "102"]
[EventDate "2017.07.24"]
[EventType "team-swiss"]
[EventRounds "9"]
[EventCountry "VIE"]
[SourceTitle "EXT 2019"]
[Source "ChessBase"]
[SourceDate "2018.10.10"]
[SourceVersion "1"]
[SourceVersionDate "2018.10.10"]
[SourceQuality "1"]

1. e4 d6 2. Nc3 Nf6 3. Bc4 g6 4. Nf3 Bg7 5. h3 0-0 6. 0-0 c6 7. d3 b5 8. Bb3 b4 9. Ne2 Qc7 10. a3 c5 11. axb4 cxb4 12. Ra4 Nc6 13. Nfd4 Nxd4 14. Nxd4 Rb8 15. Bc4 Bd7 16. Ra2 Nxe4 17. Be3 Nc5 18. c3 a5 19. Nb3 Nxb3 20. Bxb3 bxc3 21. bxc3 Qxc3 22. Ra3 Be6 23. Bd2 Qxd3 24. Bxa5 Qxd1 25. Bxd1 Rb1 26. Bf3 Rxf1+ 27. Kxf1 Rc8 28. Bd2 Bb2 29. Ra7 Bc4+ 30. Kg1 e6 31. Rb7 Be5 32. g3 Kg7 33. Rb4 d5 34. Rb1 Ra8 35. Kg2 Ra1 36. Rb7 Ra2 37. Be3 d4 38. Bf4 Bxf4 39. gxf4 Rxf2+ 40. Kg3 Ra2 41. Bg4 Ra3+ 42. Kh4 Kf6 43. Rb1 Bd3 44. Rb4 h5 45. Bd1 Bf1 46. Bb3 d3 47. Kg3 d2 48. Kf2 Rxb3 49. Rxb3 d1Q 50. Rb2 Qd4+ 51. Kxf1 Qxb2 0-1

[Event "VIE-chT (Women)"]
[Site "Ho Chi Minh City"]
[Date "2017.07.26"]
[Round "5.24"]
[White "Phan, Thi My Huong"]
[Black "Nguyen, Thi Minh Oanh"]
[Result "0-1"]
[WhiteElo "1922"]
[BlackElo "1796"]
[PlyCount "96"]
[EventDate "2017.07.24"]
[EventType "team-swiss"]
[EventRounds "9"]
[EventCountry "VIE"]
[SourceTitle "EXT 2019"]
[Source "ChessBase"]
[SourceDate "2018.10.10"]
[SourceVersion "1"]
[SourceVersionDate "2018.10.10"]
[SourceQuality "1"]

1. e4 c5 2. Nc3 e6 3. g3 Nc6 4. Bg2 d6 5. d3 Nf6 6. Nge2 Be7 7. 0-0 a6 8. Be3 Qc7 9. Qd2 b5 10. d4 cxd4 11. Nxd4 Bb7 12. a3 Ne5 13. Rad1 Rc8 14. Bg5 Nc4 15. Qc1 Nxa3 16. bxa3 Qxc3 17. Rd3 Qc7 18. Bxf6 Bxf6 19. Qd2 0-0 20. Rc1 Rfd8 21. Ne2 h6 22. Qb4 Qc4 23. Qxc4 Rxc4 24. f3 Bb2 25. Rcd1 Rxc2 26. Kf1 Kf8 27. Ke1 Ke7 28. Bf1 Rcc8 29. Rb3 Bf6 30. a4 Bc6 31. a5 d5 32. exd5 Bxd5 33. Rbd3 Bc4 34. Rxd8 Rxd8 35. Rxd8 Kxd8 36. Kd2 b4 37. Bg2 Kc7 38. f4 Kd6 39. Nc1 Kc5 40. Nd3+ Kb5 41. Ne5 Bxe5 42. fxe5 Kxa5 43. Kc2 Kb5 44. Kb2 a5 45. Be4 a4 46. Ka1 a3 47. Kb1 b3 48. Ka1 Kb4 0-1

[Event "VIE-ch U11 Girls"]
[Site "Ho Chi Minh City"]
[Date "2014.07.17"]
[Round "7"]
[White "Phan, Thi My Huong"]
[Black "Nghiem, Thao Tam"]
[Result "1/2-1/2"]
[WhiteElo "1738"]
[BlackElo "1714"]
[PlyCount "48"]
[EventDate "2014.07.13"]
[EventType "swiss"]
[EventRounds "9"]
[EventCountry "VIE"]
[SourceTitle "EXT 2016"]
[Source "ChessBase"]
[SourceDate "2015.10.08"]
[SourceVersion "1"]
[SourceVersionDate "2015.10.08"]
[SourceQuality "1"]

1. e4 d6 2. d4 Nd7 3. Nd2 e5 4. dxe5 Nxe5 5. Ngf3 Nxf3+ 6. Nxf3 Be7 7. Bc4 c6 8. 0-0 Nf6 9. e5 dxe5 10. Qxd8+ Bxd8 11. Nxe5 0-0 12. Be3 Bc7 13. Nf3 b6 14. h3 Bb7 15. Nd4 Rad8 16. Nf5 Rfe8 17. Bg5 Be5 18. c3 Rd7 19. Rfe1 Kf8 20. Rad1 Rxd1 21. Rxd1 Nd5 22. Re1 Bh2+ 23. Kf1 Rxe1+ 24. Kxe1 Be5 1/2-1/2

[Event "VIE-ch U11 Girls"]
[Site "Ho Chi Minh City"]
[Date "2014.07.16"]
[Round "6"]
[White "Tran, Le Ha Trang"]
[Black "Phan, Thi My Huong"]
[Result "1/2-1/2"]
[WhiteElo "1704"]
[BlackElo "1738"]
[PlyCount "93"]
[EventDate "2014.07.13"]
[EventType "swiss"]
[EventRounds "9"]
[EventCountry "VIE"]
[SourceTitle "EXT 2016"]
[Source "ChessBase"]
[SourceDate "2015.10.08"]
[SourceVersion "1"]
[SourceVersionDate "2015.10.08"]
[SourceQuality "1"]

1. c4 e5 2. Nf3 Nc6 3. Nc3 Nf6 4. b3 Bc5 5. Bb2 e4 6. Ng5 Bxf2+ 7. Kxf2 Ng4+ 8. Ke1 Qxg5 9. Nxe4 Qg6 10. Ng3 d6 11. Qb1 Nb4 12. Qxg6 hxg6 13. h3 Nc2+ 14. Kd1 Nxa1 15. hxg4 Rxh1 16. Nxh1 Nxb3 17. axb3 Bxg4 18. Bxg7 Kd7 19. Nf2 Bf5 20. e4 Be6 21. d4 Ke7 22. d5 Bd7 23. Bc3 a5 24. Kd2 a4 25. bxa4 Rxa4 26. Be2 Ra2+ 27. Ke3 Ra3 28. Kd2 Ra2+ 29. Kd3 b5 30. Ke3 bxc4 31. Bxc4 Rc2 32. Nd1 Rxg2 33. Ba5 c6 34. Nc3 Rg3+ 35. Kd2 Rg2+ 36. Ke3 c5 37. Bc7 Rg3+ 38. Kd2 Rg2+ 39. Ke3 Rb2 40. Kd3 Rb7 41. Ba5 Ra7 42. Bb6 Rb7 43. Ba5 Bh3 44. Ke3 Bd7 45. Kd3 Ra7 46. Bb6 Rb7 47. Ba5 1/2-1/2

[Event "VIE-ch U11 Girls"]
[Site "Ho Chi Minh City"]
[Date "2014.07.13"]
[Round "1"]
[White "Phan, Thi My Huong"]
[Black "Le, Khac Minh Thu"]
[Result "1/2-1/2"]
[WhiteElo "1738"]
[BlackElo "1710"]
[PlyCount "62"]
[EventDate "2014.07.13"]
[EventType "swiss"]
[EventRounds "9"]
[EventCountry "VIE"]
[SourceTitle "EXT 2016"]
[Source "ChessBase"]
[SourceDate "2015.10.08"]
[SourceVersion "1"]
[SourceVersionDate "2015.10.08"]
[SourceQuality "1"]

1. e4 c5 2. c3 d5 3. exd5 Qxd5 4. d3 Nc6 5. Nf3 Bg4 6. Nbd2 Nf6 7. Be2 e6 8. Qc2 Be7 9. h3 Bh5 10. Nc4 0-0 11. 0-0 h6 12. Bf4 Rac8 13. Rad1 Qd8 14. d4 Bxf3 15. Bxf3 cxd4 16. Bxc6 Rxc6 17. Rxd4 Qc8 18. Ne5 Rc5 19. Bg3 Nd5 20. Rfd1 Bf6 21. Rg4 Ne3 22. fxe3 Bxe5 23. Bh4 Rc4 24. Be7 Re8 25. Rxc4 Qxc4 26. a3 Qc7 27. Bh4 g5 28. Bf2 Rd8 29. Rxd8+ Qxd8 30. Kf1 Qd6 31. Qe2 Kg7 1/2-1/2